000 00350nam a2200121Ia 4500
003 GCL
008 140319s9999 xx 000 0 eng d
040 _aGCL /
_cGCL
082 0 4 _a362.8
_bDS
245 1 0 _aSuffering: Psychological And Social Aspects In Loss, Grief, And Care
260 _a[S.N] :
_bMacmillan Publishing Company ،
_c1987
300 _a169 P
999 _c19610
_d19610